000 00720nam a2200205Ii 4500
003 JO-AjNU
008 230605s9999||||xx |||||||||||||| ||und||
040 _aJO-AjNU
_bara
_erda
_cJO-AjNU
041 _aara
050 1 4 _aLB1025.H372 2006
100 3 _aالهاشمي،عابد توفيق,
_eauthor
_911808
245 0 0 _aطرائق تدريس مهارات اللغة العربية وآدابها للمراحل الدراسية
250 _aط1
264 3 1 _aعمان:دار البشير،2006
300 _a512ص
336 _atext
_btxt
_2rdacontent
337 _aunmediated
_bn
_2rdamedia
338 _avolume
_bnc
_2rdacarrier
650 4 _aطرق التدريس. لغة عربية-تعلم و تعليم
_911809
999 _aA2514
_c6082
_d6082